000
00334pab a2200133 454500
008
180718b1990 xxu||||| |||| 00| 0 eng d
245
_a
Can Government agencies be managed ? Panel Discussion
260
_c
1990
300
_a
27-38
362
_a
Summer
650
_a
Government Agencies - U.S.A.
773
_a
Bureaucrat
909
_a
9487
999
_c
9487
_d
9487